=LDR 00000nam 2200000 4500 =001 INLIS000000000013559 =005 20181115100925 =035 ##$$a 0010-061300000013559 =008 181115###########################0#ind## =041 ##$$a Ind =082 ##$$a 658.8 =090 ##$$a 658.8, hit d =100 ##$$a Hitt, Michael A =245 1#$$a Manajemen strategis : $b daya saing dan globalisasi /$c Michael A. Hitt =260 ##$$a Jakarta :$b Salemba Empat,$c 2002 =300 ##$$a ...Jil, ; $c 26 cm =650 ##$$a Manajemen strategi =850 ##$$a NBPNMAT =020 ##$$a 979-691-092-6 =084 ##$$a 658.8 HIT m =990 ##$$a 2090101004/BPAP-NTB/2015 =990 ##$$a 0001/BPAP-NTB/2016 =990 ##$$a 40600713 =990 ##$$a 0001/BPAP-NTB/2016